000 00857nam a2200205Ii 4500
003 JO-AjNU
008 230605s9999||||xx |||||||||||||| ||und||
040 _aJO-AjNU
_bara
_erda
_cJO-AjNU
041 _aara
050 1 4 _aBP144.2.C56.Z3982 1994
100 3 _aالزين،سميح عاطف,
_eauthor
_930572
245 0 0 _aموسوعة الأحكام الشرعية الميسرة في الكتاب والسنة : العقود والمطعومات والمشروبات
250 _aط1
264 3 1 _aالقاهرة، بيروت: دار الكتاب المصري، دار الكتاب اللبناني، 1994
300 _a686ص
336 _atext
_btxt
_2rdacontent
337 _aunmediated
_bn
_2rdamedia
338 _avolume
_bnc
_2rdacarrier
650 4 _aالفقه الاسلامي- الاحكام الشرعية- العقود- الاغذية
_930573
999 _aA12135
_c15703
_d15703